=LDR 00000nam 2200000 4500 =001 INLIS000000000033330 =005 20130612135307 =008 ***********************************ind** =035 ##$$0010-061300000033330 =041 ##$$a ind =082 ##$$a 808.5 =090 ##$$a 808.5, Sup,m =100 ##$$a Supriyatmoko,Irawan =245 ##$$a Mastering Pablic Speaking, Tehnik Praktis Berbicara di depa Umun, Irawan Supriyatmoko =260 ##$$a 2010 $b Yogyakarta =300 ##$$a v,122 hlm., 19 cm =650 ##$$a Pidato Teknik =850 ##$$a NBPNMAT =990 ##$$a 0001/BPAP-NTB/2015 =990 ##$$a 0001/BPAP-NTB/2016